[Event "Medellin Castro Memorial op-B 31st"]
[Site "Medellin"]
[Date "2024.08.10"]
[Round "6"]
[White "Cifuentes Castano, Jose Luis"]
[Black "Pacheco Gutierrez, Johnny Rafael"]
[Result "0-1"]
[WhiteElo "1600"]
[BlackElo "1900"]
[PlyCount "55"]
[EventDate "2024.08.07"]
[EventType "swiss"]
[EventRounds "9"]
[EventCountry "COL"]
[SourceTitle "CBM 221 Extra"]
[Source "ChessBase"]
[SourceDate "2024.09.30"]
[SourceVersion "1"]
[SourceVersionDate "2024.09.30"]
[SourceQuality "1"]

1. e4 c5 2. Nc3 a6 3. d4 cxd4 4. Qxd4 Nc6 5. Qd2 e6 6. b3 Nf6 7. Bb2 Bb4 8. f3 d5 9. a3 Bxc3 10. Bxc3 dxe4 11. Qxd8+ Kxd8 12. Bxf6+ gxf6 13. 0-0-0+ Ke7 14. fxe4 e5 15. h3 Be6 16. Nf3 Rac8 17. Kb2 Rhg8 18. Nh4 Nd4 19. Rd2 Rg3 20. Bd3 h5 21. Rhd1 Rd8 22. Nf5+ Bxf5 23. exf5 Nc6 24. Bc4 Rxd2 25. Rxd2 Nd4 26. Rf2 b5 27. Bd3 h4 28. c3 0-1